|
|
|
|
| LEADER |
00000nam a2200000 a 4500 |
| 001 |
vtls010460652 |
| 003 |
SK-MaSNL |
| 005 |
20260301033406.0 |
| 007 |
fb a un a |
| 008 |
240315s2012 xo ff 000 f slo |
| 015 |
|
|
|a SNBK2013
|
| 020 |
|
|
|a 9788018007747
|
| 040 |
|
|
|a SNK
|b slo
|c SNK
|e AACR2
|
| 041 |
1 |
|
|a slo
|h eng
|
| 044 |
|
|
|a xo
|c SK
|
| 072 |
|
7 |
|a 821.111-3
|x Anglická próza, anglicky písaná
|2 konspekt
|
| 080 |
|
|
|a 821.111(71)-31
|2 2001
|
| 080 |
|
|
|a (0:82-312.5)
|2 2001
|
| 080 |
|
|
|a (0:003.24)
|2 2001
|
| 080 |
|
|
|a (02.056.262)
|2 2001
|
| 100 |
1 |
|
|a Balogh, Mary,
|d 1944-
|4 aut
|9 93696
|
| 245 |
1 |
0 |
|a Pavučina vášne
|h Braillovo písmo
|c Mary Baloghová
|
| 250 |
|
|
|a [1. vyd.]
|
| 260 |
|
|
|a Levoča
|b Slovenská knižnica pre nevidiacich Mateja Hrebendu
|c 2012
|
| 300 |
|
|
|a 6 zv. v Braillovom písme
|c 27 x 32 cm
|
| 500 |
|
|
|a Pútavá historická romanca , príbeh o priateľstve, oddanosti, ľúbostných pletkách i skutočnej láske. Mladá vdova Ellen Simpsonová nachádza útechu v opatere manželovho ťažko raneného priateľa. Po krátkom období šťastia prežívaného v ústraní dvojicu čaká návrat do drsnej reality, no Dominic sa za nič na svete nemieni vzdať ženy svojho života
|
| 655 |
|
7 |
|a kanadské romány (anglicky)
|2 SNKPH
|9 70623
|
| 655 |
|
7 |
|a publikácie v Braillovom písme
|2 SNKPH
|9 222610
|
| 655 |
|
7 |
|a publikácie pre nevidiacich
|2 SNKPH
|9 70695
|
| 655 |
|
7 |
|a ľúbostné romány
|2 SNKPH
|9 70497
|
| 919 |
|
|
|a 978-80-18-00774-7
|
| 958 |
|
|
|a SX
|
| 958 |
|
|
|a LX
|
| 958 |
|
|
|a UP
|
| 999 |
|
|
|c 580010
|d 581940
|
| 952 |
|
|
|a SNK
|b SNK
|y PREZ
|7 0
|p 17A1058723
|o snkOSB 16981/1
|i snk2013/690
|8 0
|0 0
|1 0
|4 0
|d 2013-01-10
|l 0
|r 2026-02-23 14:47:33
|w 2026-02-23
|
| 952 |
|
|
|a SNK
|b SNK
|y PREZ
|7 0
|p 17A1058722
|o snkOSB 16981/2
|i snk2013/691
|8 0
|0 0
|1 0
|4 0
|d 2013-01-10
|l 0
|r 2026-02-23 14:47:33
|w 2026-02-23
|
| 952 |
|
|
|a SNK
|b SNK
|y PREZ
|7 0
|p 17A1058721
|o snkOSB 16981/3
|i snk2013/692
|8 0
|0 0
|1 0
|4 0
|d 2013-01-10
|l 0
|r 2026-02-23 14:47:33
|w 2026-02-23
|
| 952 |
|
|
|a SNK
|b SNK
|y PREZ
|7 0
|p 17A1058720
|o snkOSB 16981/4
|i snk2013/694
|8 0
|0 0
|1 0
|4 0
|d 2013-01-10
|l 0
|r 2026-02-23 14:47:33
|w 2026-02-23
|
| 952 |
|
|
|a SNK
|b SNK
|y PREZ
|7 0
|p 17A1058719
|o snkOSB 16981/5
|i snk2013/695
|8 0
|0 0
|1 0
|4 0
|d 2013-01-10
|l 0
|r 2026-02-23 14:47:33
|w 2026-02-23
|
| 952 |
|
|
|a SNK
|b SNK
|y PREZ
|7 0
|p 17A1058718
|o snkOSB 16981/6
|i snk2013/697
|8 0
|0 0
|1 0
|4 0
|d 2013-01-10
|l 0
|r 2026-02-23 14:47:33
|w 2026-02-23
|